The teaching of inference-making skills in reading comprehension in post-basic schools : omani efl teacher's perceptions, challenges and practices
Saved in:
| Main Author: | |
|---|---|
| Format: | Book |
| Tags: |
Add Tag
No Tags, Be the first to tag this record!
|
| LEADER | 00762nam a2200145 4500 | ||
|---|---|---|---|
| 100 | |a Al-Jahwari,Yahya Suleiman Saif |9 576705 | ||
| 245 | |a The teaching of inference-making skills in reading comprehension in post-basic schools : omani efl teacher's perceptions, challenges and practices | ||
| 264 | |a Kuala Lumpur : |b Kuliiyah of Education, International Islamic University |c 2022 | ||
| 336 | |2 rdacontent | ||
| 337 | |2 rdamedia | ||
| 338 | |2 rdacarrier | ||
| 942 | |2 lcc |n 0 | ||
| 999 | |c 517254 |d 548671 | ||
| 952 | |0 0 |1 0 |2 lcc |4 0 |7 4 |8 IIUMTHESIS |9 1017713 |a IIUM |b IIUM |c THESIS |d 2023-07-14 |e MGIFT |l 0 |p 11100484857 |r 2023-07-14 |w 2023-07-14 |y THESIS | ||
| 952 | |0 0 |1 0 |2 lcc |4 0 |7 4 |8 THESISSOFTCOPY |9 1017714 |a IIUM |b IIUM |c MULTIMEDIA |d 2023-07-14 |e MGIFT |l 0 |p 11100484858 |r 2023-07-14 |w 2023-07-14 |y THESISDIG | ||
